000 00417nam a2200169Ia 4500
008 230711s9999||||xx |||||||||||||| ||und||
020 _a978-81-7700-041-2
041 _aENG
082 _a372.6
_bDH-C
100 _aDhingra,Monika
245 0 _aCommunicative english
250 _a1st . Ed.
260 _c2015
_aDelhi
_bDhanpat Rai & Co.(Pvt.)Ltd.
300 _a262p.
650 _aCOMMUNICATION SKILL
942 _cBK
999 _c5967
_d5967